[Event "Saint Louis Spring-B"]
[Site "Saint Louis"]
[Date "2025.04.24"]
[Round "4"]
[White "Mardov, Dimitar"]
[Black "Batsuren, Dambasuren"]
[Result "1/2-1/2"]
[WhiteElo "2516"]
[BlackElo "2515"]
[PlyCount "113"]
[EventDate "2025.04.21"]
[EventType "tourn"]
[EventRounds "9"]
[EventCountry "USA"]
[EventCategory "11"]
[SourceTitle "CB18_2025"]
[SourceDate "2025.04.30"]
[SourceVersion "1"]
[SourceVersionDate "2025.04.30"]
[SourceQuality "1"]

1. d4 Nf6 2. c4 e6 3. Nf3 d5 4. Nc3 Bb4 5. Qa4+ Nc6 6. e3 0-0 7. Qc2 b6 8. Bd2 Bb7 9. a3 Bd6 10. cxd5 exd5 11. Bd3 a6 12. 0-0 Nb8 13. Ne5 c5 14. f4 Nc6 15. Be1 cxd4 16. Nxc6 Bxc6 17. exd4 Re8 18. Bh4 h6 19. h3 Be7 20. Rae1 Ne4 21. Bxe7 Rxe7 22. f5 Ng3 23. f6 Rxe1 24. Bh7+ Kh8 25. fxg7+ Kxg7 26. Rxe1 Qf6 27. Qf2 Qxf2+ 28. Kxf2 Nh5 29. Re5 Nf6 30. Bd3 Kf8 31. g4 a5 32. a4 Rd8 33. Kg3 Rd6 34. Kf4 Bd7 35. Re2 Ne8 36. b3 Nc7 37. Rc2 Ke7 38. Ne2 Ne6+ 39. Ke3 Rc6 40. Rxc6 Bxc6 41. h4 Ng7 42. Nc3 Kd6 43. Ne2 Ke7 44. Nf4 f6 45. Be2 Kd6 46. Bf3 Bb7 47. Be2 Bc6 48. Bd3 Ke7 49. Kf3 Ne6 50. Nxe6 Kxe6 51. Kf4 Kf7 52. Ba6 Bd7 53. Bd3 Bc6 54. Be2 Bd7 55. Bd3 Bc6 56. Be2 Bd7 57. Bd3 1/2-1/2

[Event "Saint Louis Spring-B"]
[Site "Saint Louis"]
[Date "2025.04.23"]
[Round "3"]
[White "Beerdsen, Thomas"]
[Black "Mardov, Dimitar"]
[Result "1-0"]
[WhiteElo "2533"]
[BlackElo "2516"]
[PlyCount "57"]
[EventDate "2025.04.21"]
[EventType "tourn"]
[EventRounds "9"]
[EventCountry "USA"]
[EventCategory "11"]
[SourceTitle "CB18_2025"]
[SourceDate "2025.04.30"]
[SourceVersion "1"]
[SourceVersionDate "2025.04.30"]
[SourceQuality "1"]

1. e4 c5 2. Nf3 e6 3. Nc3 a6 4. Be2 b5 5. d4 cxd4 6. Qxd4 Nc6 7. Qe3 Qc7 8. 0-0 Nf6 9. Rd1 d6 10. b4 Nxb4 11. Rb1 Qc5 12. Nd4 Bd7 13. Ba3 e5 14. Bxb4 exd4 15. Rxd4 Qc7 16. Nd5 Nxd5 17. exd5+ Be7 18. Bd3 a5 19. Ba3 Kf8 20. Re4 Bf6 21. Bxb5 Bxb5 22. Rxb5 g5 23. c4 Kg7 24. Bb2 h6 25. Re7 Qc8 26. Bxf6+ Kxf6 27. Rbb7 Kg6 28. Rxf7 Qxc4 29. Rg7+ 1-0

[Event "New York Blitz Fuel GM-A"]
[Site "New York"]
[Date "2025.01.20"]
[Round "9"]
[White "Katz, Alexander R"]
[Black "Mardov, Dimitar"]
[Result "1/2-1/2"]
[WhiteElo "2388"]
[BlackElo "2504"]
[PlyCount "30"]
[EventDate "2025.01.16"]
[EventType "tourn"]
[EventRounds "9"]
[EventCountry "USA"]
[EventCategory "8"]
[SourceTitle "CB05_2025"]
[SourceDate "2025.01.29"]
[SourceVersion "1"]
[SourceVersionDate "2025.01.29"]
[SourceQuality "1"]

1. e4 e5 2. Nf3 Nc6 3. Nc3 Nf6 4. d4 exd4 5. Nxd4 Bb4 6. Nxc6 bxc6 7. Bd3 0-0 8. 0-0 d5 9. exd5 cxd5 10. Bg5 c6 11. Qf3 h6 12. Bxf6 Qxf6 13. Qxf6 gxf6 14. Ne2 Bd6 15. Ng3 Rb8 1/2-1/2

[Event "New York Blitz Fuel GM-A"]
[Site "New York"]
[Date "2025.01.17"]
[Round "2"]
[White "Mardov, Dimitar"]
[Black "Park, Evan"]
[Result "1-0"]
[WhiteElo "2504"]
[BlackElo "2406"]
[PlyCount "101"]
[EventDate "2025.01.16"]
[EventType "tourn"]
[EventRounds "9"]
[EventCountry "USA"]
[EventCategory "8"]
[SourceTitle "CB05_2025"]
[SourceDate "2025.01.29"]
[SourceVersion "1"]
[SourceVersionDate "2025.01.29"]
[SourceQuality "1"]

1. c4 e6 2. Nc3 f5 3. g3 Nf6 4. Bg2 Bb4 5. Qb3 a5 6. a3 Bxc3 7. Qxc3 a4 8. Nf3 0-0 9. 0-0 d6 10. d4 Nc6 11. Rd1 Na5 12. Bg5 Ne4 13. Bxd8 Nxc3 14. bxc3 Rxd8 15. Nd2 e5 16. Rab1 e4 17. g4 g6 18. gxf5 gxf5 19. e3 Be6 20. f3 Nxc4 21. Nxc4 Bxc4 22. fxe4 Bb3 23. Rf1 fxe4 24. Bxe4 c6 25. Rf4 Rd7 26. Kf2 Rg7 27. Bf5 Kh8 28. e4 Rf8 29. Kf3 d5 30. Ke3 dxe4 31. Rbf1 Re7 32. Bxe4 Rxf4 33. Kxf4 Kg7 34. Rg1+ Kf6 35. h4 Bd5 36. Bd3 b5 37. h5 Rf7 38. Rg5 Ke6+ 39. Rf5 Rg7 40. Re5+ Kd6 41. h6 Rf7+ 42. Rf5 Re7 43. Rf6+ Kc7 44. Rf8 Kd6 45. Rd8+ Ke6 46. Bf5+ Kf7 47. Bxh7 Re2 48. Bg8+ Kg6 49. Rd6+ Kh5 50. Bxd5 cxd5 51. h7 1-0

[Event "Titled Tuesday intern op 06th Aug Early"]
[Site "Chess.com INT"]
[Date "2024.08.06"]
[Round "5"]
[White "Mardov, Dimitar"]
[Black "Dubnevych, Maksym"]
[Result "1-0"]
[WhiteElo "2504"]
[BlackElo "2267"]
[PlyCount "65"]
[EventDate "2024.08.06"]
[EventType "swiss (blitz)"]
[EventRounds "11"]
[EventCountry "USA"]
[SourceTitle "EXT 2025"]
[Source "ChessBase"]
[SourceDate "2024.10.14"]
[SourceVersion "1"]
[SourceVersionDate "2024.10.14"]
[SourceQuality "1"]

1. c4 e5 2. Nc3 Nf6 3. Nf3 e4 4. Ng5 c6 5. Ngxe4 Nxe4 6. Nxe4 d5 7. Ng3 dxc4 8. Qc2 Be6 9. e3 Qd5 10. Ne2 Bd6 11. Nd4 b5 12. Nxe6 Qxe6 13. a4 0-0 14. Be2 Nd7 15. 0-0 a6 16. d3 cxd3 17. Bxd3 Qh6 18. h3 Ne5 19. Be4 f5 20. Bxf5 Rf6 21. e4 Qh5 22. f4 Nc4 23. b3 Bc5+ 24. Kh1 Bd4 25. Rb1 Nd6 26. Qxc6 Rd8 27. Qd5+ Nf7 28. Qb7 Nh6 29. Qe7 Re8 30. Qd7 Nxf5 31. exf5 Bc5 32. Bb2 Re7 33. Qd5+ 1-0

[Event "Titled Tuesday intern op 06th Aug Late"]
[Site "Chess.com INT"]
[Date "2024.08.06"]
[Round "9"]
[White "Mardov, Dimitar"]
[Black "Martinez Alcantara, Jose Eduardo"]
[Result "1-0"]
[WhiteElo "2504"]
[BlackElo "2612"]
[PlyCount "71"]
[EventDate "2024.08.06"]
[EventType "swiss (blitz)"]
[EventRounds "11"]
[EventCountry "USA"]
[SourceTitle "EXT 2025"]
[Source "ChessBase"]
[SourceDate "2024.10.14"]
[SourceVersion "1"]
[SourceVersionDate "2024.10.14"]
[SourceQuality "1"]

1. d4 Nf6 2. c4 e6 3. Nf3 Bb4+ 4. Nbd2 0-0 5. a3 Be7 6. e4 d6 7. Be2 Nfd7 8. b4 e5 9. Bb2 exd4 10. Nxd4 Bf6 11. Qc2 Re8 12. 0-0 a5 13. Bc3 Nc6 14. Nxc6 bxc6 15. Rfd1 Qe7 16. Bf1 c5 17. b5 Nb6 18. a4 Bg4 19. f3 Be6 20. Re1 Bg5 21. Nb3 Bf6 22. Nxa5 Bxc3 23. Qxc3 Qg5 24. Red1 h5 25. Nc6 Rxa4 26. Rxa4 Nxa4 27. Qd2 Qxd2 28. Rxd2 Nb6 29. Ra2 Nxc4 30. Ra7 Ne3 31. Be2 d5 32. Rxc7 d4 33. b6 Nc4 34. Bxc4 Bxc4 35. b7 d3 36. Rc8 1-0

[Event "Titled Tuesday intern op 06th Aug Early"]
[Site "Chess.com INT"]
[Date "2024.08.06"]
[Round "6"]
[White "Mardov, Dimitar"]
[Black "Weishaeutel, Moritz"]
[Result "0-1"]
[WhiteElo "2504"]
[BlackElo "2400"]
[PlyCount "72"]
[EventDate "2024.08.06"]
[EventType "swiss (blitz)"]
[EventRounds "11"]
[EventCountry "USA"]
[SourceTitle "EXT 2025"]
[Source "ChessBase"]
[SourceDate "2024.10.14"]
[SourceVersion "1"]
[SourceVersionDate "2024.10.14"]
[SourceQuality "1"]

1. c4 Nf6 2. Nf3 e6 3. e3 d5 4. b3 Be7 5. Bb2 0-0 6. Nc3 c5 7. cxd5 exd5 8. d4 Nc6 9. Be2 Ne4 10. 0-0 Bf6 11. Na4 cxd4 12. Nxd4 Bd7 13. Bf3 Qe7 14. Rc1 Rfd8 15. Nb5 Nb4 16. Bxf6 Nxf6 17. Nd4 Nxa2 18. Rc7 Qd6 19. Rxb7 Bc8 20. Rb5 Ba6 21. Qd2 Bxb5 22. Nxb5 Qb4 23. Qd3 Rac8 24. Nxa7 Rc1 25. g3 Rxf1+ 26. Kxf1 Nc1 27. Qa6 Qxb3 28. Nc6 Re8 29. Kg2 Qc4 30. Qxc4 dxc4 31. Nc3 Nd3 32. Kf1 Kf8 33. Na5 Rc8 34. Be2 Ke7 35. f3 Ke6 36. f4 Nd5 0-1

[Event "Titled Tuesday intern op 06th Aug Late"]
[Site "Chess.com INT"]
[Date "2024.08.06"]
[Round "10"]
[White "Terry, Renato"]
[Black "Mardov, Dimitar"]
[Result "1-0"]
[WhiteElo "2514"]
[BlackElo "2504"]
[PlyCount "83"]
[EventDate "2024.08.06"]
[EventType "swiss (blitz)"]
[EventRounds "11"]
[EventCountry "USA"]
[SourceTitle "EXT 2025"]
[Source "ChessBase"]
[SourceDate "2024.10.14"]
[SourceVersion "1"]
[SourceVersionDate "2024.10.14"]
[SourceQuality "1"]

1. d4 Nf6 2. Nf3 d5 3. c4 e6 4. e3 b6 5. b3 Bb7 6. Bd3 Nbd7 7. 0-0 Bd6 8. Bb2 0-0 9. Ne5 c5 10. Nd2 Rc8 11. Qe2 Qe7 12. a3 Rfd8 13. Rfd1 h6 14. h3 cxd4 15. exd4 dxc4 16. bxc4 Bb8 17. Nef3 Nh5 18. g3 Nhf6 19. Rac1 Bd6 20. Ra1 Bb8 21. Re1 Nf8 22. d5 Re8 23. Ne4 N8d7 24. Rad1 e5 25. Nh4 Nxe4 26. Bxe4 Ba6 27. Rc1 Nc5 28. Bc2 Qg5 29. Nf5 Nd7 30. h4 Qf6 31. Bb1 Nf8 32. f4 Nd7 33. Qg4 Rcd8 34. Rf1 Bc8 35. Rce1 Kh8 36. Qh5 Qg6 37. Qf3 Qf6 38. g4 g6 39. g5 Qxf5 40. Bxf5 gxf5 41. Qh5 Kg8 42. g6 1-0

[Event "Titled Tuesday intern op 30th Jul Early"]
[Site "Chess.com INT"]
[Date "2024.07.30"]
[Round "8"]
[White "Mardov, Dimitar"]
[Black "Smirnov, Mark A"]
[Result "1-0"]
[WhiteElo "2484"]
[BlackElo "2111"]
[PlyCount "51"]
[EventDate "2024.07.30"]
[EventType "swiss (blitz)"]
[EventRounds "11"]
[EventCountry "USA"]
[SourceTitle "EXT 2025"]
[Source "ChessBase"]
[SourceDate "2024.10.14"]
[SourceVersion "1"]
[SourceVersionDate "2024.10.14"]
[SourceQuality "1"]

1. Nf3 Nf6 2. g3 b5 3. Bg2 Bb7 4. 0-0 e6 5. b3 Be7 6. Bb2 0-0 7. a4 b4 8. d3 c5 9. Nbd2 d6 10. e3 Nbd7 11. Qe2 Rc8 12. Rfd1 Qc7 13. h4 Rfd8 14. e4 d5 15. e5 Ne8 16. Re1 a5 17. h5 Nb6 18. h6 g6 19. c4 dxc4 20. dxc4 Bf8 21. Qe3 Rd7 22. Nh2 Bxg2 23. Kxg2 Rcd8 24. Ne4 Rd6 25. exd6 Qc6 26. Qf3 1-0

[Event "Titled Tuesday intern op 30th Jul Early"]
[Site "Chess.com INT"]
[Date "2024.07.30"]
[Round "5"]
[White "Mardov, Dimitar"]
[Black "Trifan, Andrei Ioan"]
[Result "1/2-1/2"]
[WhiteElo "2484"]
[BlackElo "2289"]
[PlyCount "87"]
[EventDate "2024.07.30"]
[EventType "swiss (blitz)"]
[EventRounds "11"]
[EventCountry "USA"]
[SourceTitle "EXT 2025"]
[Source "ChessBase"]
[SourceDate "2024.10.14"]
[SourceVersion "1"]
[SourceVersionDate "2024.10.14"]
[SourceQuality "1"]

1. Nf3 Nf6 2. g3 b6 3. Bg2 Bb7 4. 0-0 e6 5. b3 Be7 6. Bb2 0-0 7. c4 d5 8. d3 c5 9. Nbd2 Nc6 10. Ne5 Qc7 11. Ndf3 d4 12. Nxc6 Bxc6 13. e3 e5 14. Re1 Rad8 15. exd4 exd4 16. Nxd4 Bxg2 17. Kxg2 cxd4 18. Qf3 Bb4 19. Re2 a5 20. Rc1 Qd7 21. a3 Bc5 22. Re5 Rfe8 23. Rg5 Re6 24. Rb1 h6 25. Rf5 Rde8 26. Bc1 Re1 27. b4 axb4 28. axb4 Bf8 29. c5 Rc8 30. g4 Qc6 31. h3 Qxf3+ 32. Kxf3 Nd7 33. Kg2 Bxc5 34. bxc5 Nxc5 35. Ra1 Nb3 36. Ra7 Nxc1 37. Rfxf7 Nxd3 38. Rxg7+ Kf8 39. Rh7 Kg8 40. Rag7+ Kf8 41. Rd7 Kg8 42. Rdg7+ Kf8 43. Rd7 Kg8 44. Rdg7+ 1/2-1/2

[Event "Belgrade Serbia op"]
[Site "Belgrade"]
[Date "2024.07.18"]
[Round "6"]
[White "Mardov, Dimitar"]
[Black "Bykov, Egor"]
[Result "1/2-1/2"]
[WhiteElo "2484"]
[BlackElo "2424"]
[PlyCount "136"]
[EventDate "2024.07.12"]
[EventType "swiss"]
[EventRounds "9"]
[EventCountry "SRB"]
[SourceTitle "CBM 221 Extra"]
[Source "ChessBase"]
[SourceDate "2024.09.30"]
[SourceVersion "1"]
[SourceVersionDate "2024.09.30"]
[SourceQuality "1"]

1. c4 Nf6 2. Nf3 g6 3. g3 Bg7 4. Bg2 0-0 5. 0-0 d6 6. Nc3 Nc6 7. d3 e5 8. Rb1 a5 9. b3 h6 10. Bb2 Bf5 11. e4 Bg4 12. h3 Bxf3 13. Bxf3 Nd7 14. a3 Nd4 15. Bg2 Rb8 16. Ne2 b5 17. Nxd4 exd4 18. Qc2 bxc4 19. Qxc4 c5 20. f4 Nb6 21. Qc2 a4 22. b4 cxb4 23. axb4 Qf6 24. Rbe1 Rfc8 25. Qd1 Qe6 26. f5 Qe5 27. Bc1 Rc3 28. Qg4 h5 29. Qf3 Rf8 30. Bf4 Qe7 31. g4 g5 32. Bd2 Rc2 33. f6 Bxf6 34. Re2 Rxd2 35. Rxd2 Be5 36. Qf5 Bf4 37. Rc2 hxg4 38. Rxf4 gxf4 39. Qxg4+ Kh7 40. Qh5+ Kg7 41. Bf3 Qe5 42. Rg2+ Kf6 43. Qh4+ Ke6 44. Rg5 Qh8 45. Bg4+ f5 46. Bxf5+ Kf7 47. Bg6+ Ke6 48. Bf5+ Kf7 49. Qxf4 Ke7 50. Rg6 Rf6 51. Rg5 Nd7 52. Qc1 Qh6 53. Bxd7 Rg6 54. h4 Kxd7 55. Qf4 Rxg5+ 56. hxg5 Qe6 57. Qc1 Qh3 58. Qc4 Qe3+ 59. Kf1 Qxg5 60. Qxd4 Qc1+ 61. Ke2 a3 62. Kf3 Qb2 63. Qa7+ Ke6 64. Qa8 Qxb4 65. Qe8+ Kf6 66. Qf8+ Ke6 67. Qe8+ Kf6 68. Qf8+ Ke5 1/2-1/2

[Event "Belgrade Serbia op"]
[Site "Belgrade"]
[Date "2024.07.15"]
[Round "4"]
[White "Mardov, Dimitar"]
[Black "Safarli, Eltaj"]
[Result "1/2-1/2"]
[WhiteElo "2484"]
[BlackElo "2600"]
[PlyCount "53"]
[EventDate "2024.07.12"]
[EventType "swiss"]
[EventRounds "9"]
[EventCountry "SRB"]
[SourceTitle "CBM 221 Extra"]
[Source "ChessBase"]
[SourceDate "2024.09.30"]
[SourceVersion "1"]
[SourceVersionDate "2024.09.30"]
[SourceQuality "1"]

1. d4 Nf6 2. c4 g6 3. Nc3 d5 4. cxd5 Nxd5 5. e4 Nxc3 6. bxc3 Bg7 7. Nf3 c5 8. h3 0-0 9. Be2 b6 10. Be3 Bb7 11. Qd3 cxd4 12. cxd4 Nc6 13. 0-0 Rc8 14. Rac1 Qd6 15. Rfd1 Rfd8 16. d5 Ne5 17. Nxe5 Bxe5 18. Qd2 Qa3 19. Bc4 Ba6 20. Bb3 Qb2 21. Qb4 Bd6 22. Qa4 Be2 23. Re1 Rxc1 24. Rxc1 Bc5 25. Rc2 Qa1+ 26. Rc1 Qb2 27. Rc2 1/2-1/2

[Event "Paracin op-A 17th"]
[Site "Paracin"]
[Date "2024.07.11"]
[Round "9"]
[White "Mardov, Dimitar"]
[Black "Aswath, S."]
[Result "1/2-1/2"]
[WhiteElo "2484"]
[BlackElo "2371"]
[PlyCount "70"]
[EventDate "2024.07.03"]
[EventType "swiss"]
[EventRounds "9"]
[EventCountry "SRB"]
[SourceTitle "CBM 221 Extra"]
[Source "ChessBase"]
[SourceDate "2024.09.30"]
[SourceVersion "1"]
[SourceVersionDate "2024.09.30"]
[SourceQuality "1"]

1. d4 d5 2. Nf3 e6 3. c4 c6 4. e3 Nd7 5. Nc3 f5 6. Qc2 Nh6 7. Bd3 Bd6 8. b3 0-0 9. Bb2 a5 10. Ne2 Qe7 11. 0-0 Nf6 12. Ne5 Nf7 13. f3 g6 14. h3 Bb8 15. a4 Qc7 16. Rad1 Qb6 17. Kh1 Nh5 18. g4 Ng7 19. f4 Qd8 20. Kg2 Bd7 21. Ng3 Nxe5 22. dxe5 Ba7 23. Rde1 Qe7 24. Bc3 b5 25. cxb5 cxb5 26. axb5 Qc5 27. Qd2 Bxb5 28. b4 Qc6 29. Bxb5 Qxb5 30. bxa5 Rfc8 31. Rb1 Qc6 32. Bd4 Bxd4 33. exd4 Qc2 34. Qxc2 Rxc2+ 35. Rf2 Rxf2+ 1/2-1/2

[Event "Paracin op-A 17th"]
[Site "Paracin"]
[Date "2024.07.10"]
[Round "8"]
[White "Fier, Alexandr"]
[Black "Mardov, Dimitar"]
[Result "0-1"]
[WhiteElo "2587"]
[BlackElo "2484"]
[PlyCount "92"]
[EventDate "2024.07.03"]
[EventType "swiss"]
[EventRounds "9"]
[EventCountry "SRB"]
[SourceTitle "CBM 221 Extra"]
[Source "ChessBase"]
[SourceDate "2024.09.30"]
[SourceVersion "1"]
[SourceVersionDate "2024.09.30"]
[SourceQuality "1"]

1. d4 Nf6 2. c4 e6 3. Nc3 Bb4 4. Qc2 d5 5. cxd5 exd5 6. Bg5 h6 7. Bh4 g5 8. Bg3 Ne4 9. e3 h5 10. f3 Nxg3 11. hxg3 Qe7 12. Kf2 Be6 13. a3 Bd6 14. Nb5 c6 15. Nxd6+ Qxd6 16. g4 h4 17. Nh3 Rg8 18. Bd3 Nd7 19. Rhe1 0-0-0 20. b4 Kb8 21. Kg1 f6 22. Rab1 Rge8 23. a4 Re7 24. Rec1 Rc8 25. Qc3 Bg8 26. Bf5 Bh7 27. Bxh7 Rxh7 28. e4 Re7 29. Nf2 h3 30. gxh3 Qg3+ 31. Kf1 Nb6 32. Qb3 Rh8 33. Ke2 Rhe8 34. Qe3 Qg2 35. Rg1 dxe4 36. f4 Qh2 37. fxg5 Nd5 38. Qg3+ Qxg3 39. Rxg3 fxg5 40. Rbb3 e3 41. Nd3 Re4 42. Rf3 Rxd4 43. Rf7 Rc4 44. Rb2 Nc3+ 45. Kf3 Rd4 46. Nc1 Rd2 0-1

[Event "Paracin op-A 17th"]
[Site "Paracin"]
[Date "2024.07.08"]
[Round "6"]
[White "Mardov, Dimitar"]
[Black "Kushagra, Mohan"]
[Result "1/2-1/2"]
[WhiteElo "2484"]
[BlackElo "2367"]
[PlyCount "158"]
[EventDate "2024.07.03"]
[EventType "swiss"]
[EventRounds "9"]
[EventCountry "SRB"]
[SourceTitle "CBM 221 Extra"]
[Source "ChessBase"]
[SourceDate "2024.09.30"]
[SourceVersion "1"]
[SourceVersionDate "2024.09.30"]
[SourceQuality "1"]

1. e4 e5 2. Nf3 Nc6 3. Bc4 Nf6 4. d3 h6 5. 0-0 d6 6. c3 g5 7. a4 Bg7 8. Re1 0-0 9. h3 g4 10. hxg4 Nxg4 11. Nbd2 Kh8 12. g3 Ne7 13. d4 Ng6 14. dxe5 dxe5 15. b3 c5 16. Qe2 Be6 17. Bxe6 fxe6 18. Nf1 Qf6 19. N1h2 Rad8 20. Kg2 Nxh2 21. Nxh2 Nf4+ 22. gxf4 exf4 23. Bb2 f3+ 24. Qxf3 Qg5+ 25. Qg4 Rd2 26. Rf1 Rxb2 27. Qxg5 hxg5 28. Nf3 Rf4 29. Rad1 Bxc3 30. Rh1+ Kg7 31. Rd7+ Kg6 32. Rdh7 Rg4+ 33. Kf1 Rb1+ 34. Ke2 Rxe4+ 35. Kd3 Rxh1 36. Rxh1 Rf4 37. Nxg5 Kxg5 38. Kxc3 a6 39. Rh7 b5 40. Rc7 Rf3+ 41. Kd2 Rxf2+ 42. Ke3 Rb2 43. Rxc5+ Kf6 44. Rc3 bxa4 45. bxa4 Rb4 46. a5 Rb5 47. Ra3 e5 48. Ke4 Ke6 49. Ra4 Kd6 50. Kf5 Rc5 51. Ke4 Kc6 52. Ra2 Kb5 53. Ra3 Kb4 54. Ra1 Kb3 55. Rb1+ Ka4 56. Ra1+ Kb4 57. Ra2 Kb3 58. Ra1 Kb2 59. Ra4 Rb5 60. Rc4 Rxa5 61. Rb4+ Kc3 62. Rb6 Kc4 63. Rh6 Ra4 64. Kxe5 Kb5 65. Kd5 a5 66. Rh8 Rg4 67. Rb8+ Ka4 68. Rb1 Rb4 69. Ra1+ Kb5 70. Rc1 Rh4 71. Rb1+ Ka4 72. Kc5 Rh3 73. Ra1+ Ra3 74. Rxa3+ Kxa3 75. Kc4 a4 76. Kc3 Ka2 77. Kc2 a3 78. Kc1 Ka1 79. Kc2 a2 1/2-1/2

[Event "Paracin op-A 17th"]
[Site "Paracin"]
[Date "2024.07.04"]
[Round "2"]
[White "Mardov, Dimitar"]
[Black "Bicer, Atakan Mert"]
[Result "1-0"]
[WhiteElo "2484"]
[BlackElo "2314"]
[PlyCount "75"]
[EventDate "2024.07.03"]
[EventType "swiss"]
[EventRounds "9"]
[EventCountry "SRB"]
[SourceTitle "CBM 221 Extra"]
[Source "ChessBase"]
[SourceDate "2024.09.30"]
[SourceVersion "1"]
[SourceVersionDate "2024.09.30"]
[SourceQuality "1"]

1. d4 Nf6 2. c4 g6 3. Nc3 Bg7 4. e4 d6 5. Bd3 0-0 6. Nge2 e5 7. d5 a5 8. 0-0 Na6 9. f3 Nc5 10. Be3 Ne8 11. Bc2 Qe7 12. a3 f5 13. exf5 gxf5 14. f4 Nf6 15. h3 Nh5 16. Qd2 Bd7 17. Rad1 Rae8 18. fxe5 Bxe5 19. Bg5 Qf7 20. Rf3 Qg6 21. Rdf1 Ng7 22. h4 Ne4 23. Nxe4 fxe4 24. Nf4 Bxf4 25. Rxf4 Bf5 26. g4 e3 27. gxf5 Qxg5+ 28. hxg5 exd2 29. f6 Re1 30. R4f2 Nh5 31. Rxd2 Rxf1+ 32. Kxf1 b5 33. Rh2 Nxf6 34. gxf6 Rxf6+ 35. Ke2 bxc4 36. Rxh7 Rf4 37. Rxc7 Rd4 38. Bf5 1-0